[Event "Tula Region-ch"]
[Site "Tula"]
[Date "2014.03.17"]
[Round "7"]
[White "Vasilyev, Yuriy"]
[Black "Loskutov, Sviatoslav"]
[Result "1-0"]
[WhiteElo "2236"]
[BlackElo "2287"]
[PlyCount "91"]
[EventDate "2014.03.11"]
[EventType "swiss"]
[EventRounds "9"]
[EventCountry "RUS"]
[SourceTitle "CBM 159 Extra"]
[Source "ChessBase"]
[SourceDate "2014.04.24"]
[SourceVersion "1"]
[SourceVersionDate "2014.04.24"]
[SourceQuality "1"]

1. e4 c5 2. Nf3 d6 3. d4 cxd4 4. Nxd4 Nf6 5. Nc3 Nc6 6. Be3 e5 7. Nxc6 bxc6 8. Be2 Be7 9. 0-0 0-0 10. f4 Qc7 11. Kh1 Rb8 12. b3 Rd8 13. Bf3 Be6 14. Qe1 exf4 15. Bxf4 Nd7 16. Ne2 c5 17. Rd1 Ne5 18. Nc3 Bf6 19. Nd5 Bxd5 20. Rxd5 Ng6 21. Be2 Be5 22. Bd2 Rf8 23. Bc4 Rbe8 24. Rd3 Bf6 25. Bd5 Qe7 26. Rdf3 Kh8 27. Rf5 Ne5 28. h3 Bh4 29. g3 Bf6 30. Kg2 Nd7 31. a4 Nb6 32. Bc6 Rc8 33. Rxf6 Rxc6 34. Bg5 Qe8 35. R6f5 Nd7 36. Rd5 c4 37. b4 Qe6 38. Qe3 Re8 39. Bf4 Nf6 40. Rb5 a6 41. e5 Nd5 42. Qf3 Nxf4+ 43. Qxf4 Kg8 44. exd6 Rxd6 45. Re5 Qxe5 46. Qxf7+ 1-0

[Event "Russia Central-ch"]
[Site "Pushchino"]
[Date "2013.03.23"]
[Round "8"]
[White "Vasilyev, Yuriy"]
[Black "Korensky, Sergey"]
[Result "0-1"]
[WhiteElo "2234"]
[BlackElo "2263"]
[PlyCount "70"]
[EventDate "2013.03.16"]
[EventType "swiss"]
[EventRounds "9"]
[EventCountry "RUS"]
[SourceTitle "EXT 2014"]
[Source "ChessBase"]
[SourceDate "2013.11.20"]
[SourceVersion "1"]
[SourceVersionDate "2013.11.20"]
[SourceQuality "1"]

1. d4 Nf6 2. Nf3 g6 3. c4 Bg7 4. Nc3 0-0 5. g3 d6 6. Bg2 Nc6 7. 0-0 a6 8. d5 Na5 9. Nd2 c5 10. a3 Qc7 11. b3 Rb8 12. Bb2 b5 13. cxb5 axb5 14. Nce4 Nxd5 15. Bxg7 Kxg7 16. Rc1 b4 17. Nxc5 dxc5 18. Bxd5 Rd8 19. Ne4 Nb7 20. axb4 Qe5 21. Nxc5 Rxd5 22. Nd3 Qd6 23. Qc2 Bf5 24. Qc3+ f6 25. Nf4 Rd2 26. e4 Rc8 27. Qf3 Rxc1 28. Rxc1 Bd7 29. e5 fxe5 30. Nh5+ gxh5 31. Qxb7 Rd1+ 32. Rxd1 Qxd1+ 33. Kg2 Qd3 34. h3 Qb5 35. Qc7 Qc6+ 0-1

[Event "Russia Central-ch"]
[Site "Pushchino"]
[Date "2013.03.17"]
[Round "2"]
[White "Vasilyev, Yuriy"]
[Black "Derguzov, Vladimir"]
[Result "1-0"]
[WhiteElo "2234"]
[BlackElo "2075"]
[PlyCount "47"]
[EventDate "2013.03.16"]
[EventType "swiss"]
[EventRounds "9"]
[EventCountry "RUS"]
[SourceTitle "EXT 2014"]
[Source "ChessBase"]
[SourceDate "2013.11.20"]
[SourceVersion "1"]
[SourceVersionDate "2013.11.20"]
[SourceQuality "1"]

1. e4 c5 2. Nf3 d6 3. d4 cxd4 4. Nxd4 Nf6 5. Nc3 a6 6. a4 e5 7. Nb3 Be6 8. f4 exf4 9. Bxf4 Nc6 10. Be2 Ne5 11. Nd4 Bg4 12. 0-0 Bxe2 13. Qxe2 Qb6 14. Rad1 Be7 15. Bg5 0-0 16. Bxf6 Bxf6 17. Nd5 Qd8 18. Nxf6+ gxf6 19. Nf5 Qb6+ 20. Kh1 Rfd8 21. Qh5 Kf8 22. Qh6+ Ke8 23. Qxf6 Qc7 24. Nxd6+ 1-0

[Event "Ivanovo Region-ch"]
[Site "Ivanovo"]
[Date "2011.12.18"]
[Round "8"]
[White "Rogozjkin, Alexandr"]
[Black "Vasilyev, Yuriy"]
[Result "0-1"]
[WhiteElo "1967"]
[BlackElo "2186"]
[PlyCount "46"]
[EventDate "2011.12.09"]
[EventType "swiss"]
[EventRounds "9"]
[EventCountry "RUS"]
[SourceTitle "CBM 146 Extra"]
[Source "ChessBase"]
[SourceDate "2012.02.29"]
[SourceVersion "1"]
[SourceVersionDate "2012.02.29"]
[SourceQuality "1"]

1. c4 Nf6 2. Nc3 d5 3. cxd5 Nxd5 4. g3 g6 5. Bg2 Nxc3 6. bxc3 Bg7 7. Rb1 0-0 8. c4 Nc6 9. Nf3 e5 10. 0-0 e4 11. Ne1 Bf5 12. g4 Bxg4 13. Bxe4 Re8 14. Bf3 Bh3 15. Bg2 Qh4 16. d3 Nd4 17. e3 Bg4 18. Nf3 Nxf3+ 19. Bxf3 Be5 20. Re1 Qxh2+ 21. Kf1 Bg3 22. Re2 Bxf3 23. fxg3 Qh1+ 0-1

[Event "Ivanovo Region-ch"]
[Site "Ivanovo"]
[Date "2009.12.08"]
[Round "5"]
[White "Kutyrov, Igor"]
[Black "Vasilyev, Yuriy"]
[Result "1-0"]
[WhiteElo "2202"]
[BlackElo "2262"]
[PlyCount "109"]
[EventDate "2009.12.04"]
[EventType "tourn"]
[EventRounds "9"]
[EventCountry "RUS"]
[SourceTitle "EXT 2012"]
[Source "ChessBase"]
[SourceDate "2011.11.24"]
[SourceVersion "1"]
[SourceVersionDate "2011.11.24"]
[SourceQuality "1"]

1. d4 Nf6 2. Nf3 g6 3. g3 Bg7 4. Bg2 0-0 5. 0-0 c5 6. c3 d5 7. Ne5 Nc6 8. Nxc6 bxc6 9. Nd2 Bf5 10. dxc5 a5 11. Qa4 Qd7 12. Re1 Bh3 13. Bh1 Ng4 14. Nf3 h6 15. e4 Qc7 16. Bg2 Bxg2 17. Kxg2 Nf6 18. Nd4 Rfc8 19. e5 Ne4 20. Qa3 Qa7 21. f3 Nxc5 22. Be3 Nd3 23. Nxc6 Rxc6 24. Bxa7 Nxe1+ 25. Rxe1 Rxa7 26. Qb3 Rd7 27. Qb5 Rcc7 28. Re2 e6 29. Qxa5 Ra7 30. Qb5 Rdb7 31. Qe8+ Bf8 32. a3 Kg7 33. f4 h5 34. h3 Rb3 35. g4 hxg4 36. hxg4 Rab7 37. f5 gxf5 38. gxf5 Rb8 39. Qa4 Rxb2 40. Qg4+ Kh7 41. Qh5+ Kg8 42. Kf3 Rxe2 43. Kxe2 exf5 44. e6 fxe6 45. Qg6+ Bg7 46. Qxe6+ Kh8 47. Qxf5 Rd8 48. Kd3 d4 49. c4 Rb8 50. Kc2 Rd8 51. c5 d3+ 52. Kd1 d2 53. c6 Rf8 54. Qxf8+ Bxf8 55. c7 1-0

[Event "Ivanovo Region-ch"]
[Site "Ivanovo"]
[Date "2009.12.04"]
[Round "1"]
[White "Vasilyev, Yuriy"]
[Black "Sotnikov, Maxim"]
[Result "1/2-1/2"]
[WhiteElo "2262"]
[BlackElo "2061"]
[PlyCount "44"]
[EventDate "2009.12.04"]
[EventType "tourn"]
[EventRounds "9"]
[EventCountry "RUS"]
[SourceTitle "EXT 2012"]
[Source "ChessBase"]
[SourceDate "2011.11.24"]
[SourceVersion "1"]
[SourceVersionDate "2011.11.24"]
[SourceQuality "1"]

1. e4 e5 2. Nf3 Nc6 3. d4 exd4 4. Nxd4 Nf6 5. Nc3 Bb4 6. Nxc6 bxc6 7. Bd3 d5 8. exd5 cxd5 9. 0-0 0-0 10. Bg5 c6 11. Qf3 Bd6 12. h3 Rb8 13. Rab1 Be6 14. Ne2 h6 15. Bxf6 Qxf6 16. Qxf6 gxf6 17. Nd4 c5 18. Nf5 Bxf5 19. Bxf5 Be5 20. c3 d4 21. cxd4 Bxd4 22. b3 Rfe8 1/2-1/2

[Event "Central FO-ch"]
[Site "Gagarin"]
[Date "2009.05.05"]
[Round "7"]
[White "Vasilyev, Yuriy"]
[Black "Kozlitin, Oleg"]
[Result "0-1"]
[WhiteElo "1859"]
[BlackElo "2366"]
[PlyCount "80"]
[EventDate "2009.05.01"]
[EventType "swiss"]
[EventRounds "9"]
[EventCountry "RUS"]
[SourceTitle "CBM 130 Extra"]
[Source "ChessBase"]
[SourceDate "2009.07.02"]
[SourceVersion "2"]
[SourceVersionDate "2009.07.15"]
[SourceQuality "1"]

1. d4 Nf6 2. c4 g6 3. Nf3 Bg7 4. Nc3 0-0 5. e4 d6 6. g3 e5 7. d5 a5 8. Bg2 Na6 9. 0-0 Nc5 10. Qc2 Nh5 11. Na4 Nxa4 12. Qxa4 f5 13. exf5 gxf5 14. Ng5 h6 15. Ne6 Bxe6 16. dxe6 c6 17. c5 d5 18. Qb3 Qe7 19. Qf3 Qe8 20. e7 Rf6 21. Qe2 Re6 22. g4 fxg4 23. Qxg4 Qg6 24. Qxg6 Rxg6 25. f4 e4 26. f5 Bd4+ 27. Kh1 Rf6 28. Bd2 Re8 29. Bxa5 Rf7 30. f6 Rxf6 31. Bh3 Rxf1+ 32. Rxf1 Rxe7 33. b4 Bc3 34. Bd8 Re8 35. Bh4 e3 36. Bf5 Ng7 37. Bd7 Re4 38. Be1 Bxe1 39. Rxe1 d4 40. b5 d3 0-1

[Event "Central FO-ch"]
[Site "Gagarin"]
[Date "2009.05.03"]
[Round "3"]
[White "Vasilyev, Yuriy"]
[Black "Sobol, Alexander"]
[Result "1-0"]
[WhiteElo "1859"]
[BlackElo "2189"]
[PlyCount "71"]
[EventDate "2009.05.01"]
[EventType "swiss"]
[EventRounds "9"]
[EventCountry "RUS"]
[SourceTitle "CBM 130 Extra"]
[Source "ChessBase"]
[SourceDate "2009.07.02"]
[SourceVersion "2"]
[SourceVersionDate "2009.07.15"]
[SourceQuality "1"]

1. d4 d5 2. Nf3 Nf6 3. c4 c6 4. g3 Bf5 5. Bg2 h6 6. Nc3 e6 7. 0-0 Nbd7 8. Re1 Ne4 9. Nd2 Ndf6 10. Qb3 Qb6 11. c5 Nxd2 12. Bxd2 Qxb3 13. axb3 a6 14. Bf4 Nd7 15. e4 dxe4 16. Bxe4 Bxe4 17. Nxe4 Nf6 18. Nxf6+ gxf6 19. Ra4 Rd8 20. Rb4 Rd7 21. Ra1 Be7 22. Raa4 h5 23. Rb6 Kd8 24. Rab4 Kc8 25. Rxa6 e5 26. Ra8+ Kc7 27. Rxh8 exf4 28. gxf4 f5 29. Rxh5 Bf6 30. Rxf5 Bxd4 31. h4 Bxb2 32. h5 f6 33. h6 Rh7 34. Rh5 Bc3 35. Rc4 Bb2 36. f5 1-0

[Event "Central FO-ch"]
[Site "Gagarin"]
[Date "2009.05.01"]
[Round "1"]
[White "Vasilyev, Yuriy"]
[Black "Masalov, Andrey"]
[Result "0-1"]
[WhiteElo "1859"]
[BlackElo "2278"]
[PlyCount "64"]
[EventDate "2009.05.01"]
[EventType "swiss"]
[EventRounds "9"]
[EventCountry "RUS"]
[SourceTitle "CBM 130 Extra"]
[Source "ChessBase"]
[SourceDate "2009.07.02"]
[SourceVersion "2"]
[SourceVersionDate "2009.07.15"]
[SourceQuality "1"]

1. e4 c5 2. Nf3 d6 3. d4 cxd4 4. Nxd4 Nf6 5. Nc3 g6 6. Be3 Bg7 7. f3 Nc6 8. Bc4 Bd7 9. Qd2 0-0 10. 0-0-0 Ne5 11. Bb3 Qa5 12. Kb1 Rfc8 13. Bh6 Bxh6 14. Qxh6 Rxc3 15. bxc3 Qxc3 16. h4 a5 17. Qd2 Qxd2 18. Rxd2 a4 19. Rc1 axb3 20. cxb3 Nc6 21. Kb2 Nxd4 22. Rxd4 Bc6 23. a4 Nd7 24. Rd2 f5 25. exf5 gxf5 26. g4 fxg4 27. fxg4 d5 28. b4 Rxa4 29. Kb3 Ra6 30. Re1 e5 31. g5 d4 32. Kc4 b5+ 0-1

[Event "Dimitrovgrad-ch"]
[Site "Dimitrovgrad"]
[Date "2009.??.??"]
[Round "4"]
[White "Arsenin, Maxim"]
[Black "Vasilyev, Yuriy"]
[Result "1/2-1/2"]
[WhiteElo "2135"]
[BlackElo "2265"]
[PlyCount "49"]
[EventDate "2009.08.??"]
[EventType "swiss"]
[EventRounds "9"]
[EventCountry "RUS"]
[SourceTitle "EXT 2012"]
[Source "ChessBase"]
[SourceDate "2011.11.24"]
[SourceVersion "1"]
[SourceVersionDate "2011.11.24"]
[SourceQuality "1"]

1. c4 Nf6 2. Nc3 d5 3. cxd5 Nxd5 4. d4 g6 5. e4 Nxc3 6. bxc3 Bg7 7. Nf3 c5 8. Bb5+ Bd7 9. Bxd7+ Qxd7 10. 0-0 Nc6 11. Be3 cxd4 12. cxd4 0-0 13. Qd2 Rfd8 14. Rad1 Qg4 15. Qd3 Nxd4 16. Nxd4 Bxd4 17. Bxd4 e5 18. Qe3 exd4 19. Rxd4 Rxd4 20. Qxd4 Qe2 21. a4 Re8 22. f3 Rc8 23. Qxa7 Rc2 24. Qf2 Qc4 25. Qa7 1/2-1/2

[Event "Ivanovo-ch op"]
[Site "Ivanovo"]
[Date "2008.10.29"]
[Round "8"]
[White "Vasilyev, Yuriy"]
[Black "Malinicheva, Lidia"]
[Result "1-0"]
[WhiteElo "1859"]
[BlackElo "2070"]
[PlyCount "61"]
[EventDate "2008.10.23"]
[EventType "swiss"]
[EventRounds "9"]
[EventCountry "RUS"]
[SourceTitle "EXT 2022"]
[Source "ChessBase"]
[SourceDate "2021.10.06"]
[SourceVersion "1"]
[SourceVersionDate "2021.10.06"]
[SourceQuality "1"]

1. e4 e6 2. d4 d5 3. Nd2 dxe4 4. Nxe4 Nd7 5. Nf3 Ngf6 6. Nxf6+ Nxf6 7. Bd3 Be7 8. 0-0 0-0 9. b3 a5 10. Bb2 a4 11. c4 a3 12. Bc3 c5 13. Qc2 h6 14. Rad1 Qc7 15. dxc5 Qxc5 16. b4 Qc6 17. Nd4 Qa4 18. Qb1 Bd7 19. Rfe1 Rfc8 20. Nf5 Bd8 21. Nd6 Rc7 22. Be5 Ng4 23. Bh7+ Kf8 24. Nxf7 Nxe5 25. Nxe5 Be8 26. Qe4 Qxb4 27. Re3 Bf6 28. Rf3 Qb2 29. Ng4 Bf7 30. Rb1 Rxc4 31. Qxc4 1-0

[Event "Ivanovo-ch op"]
[Site "Ivanovo"]
[Date "2008.10.28"]
[Round "7"]
[White "Yarovov, Grigory"]
[Black "Vasilyev, Yuriy"]
[Result "1/2-1/2"]
[WhiteElo "2009"]
[BlackElo "1859"]
[PlyCount "138"]
[EventDate "2008.10.23"]
[EventType "swiss"]
[EventRounds "9"]
[EventCountry "RUS"]
[SourceTitle "EXT 2022"]
[Source "ChessBase"]
[SourceDate "2021.10.06"]
[SourceVersion "1"]
[SourceVersionDate "2021.10.06"]
[SourceQuality "1"]

1. e4 c5 2. Nc3 Nc6 3. f4 g6 4. Nf3 Bg7 5. Bc4 d6 6. d3 Nf6 7. 0-0 0-0 8. Qe1 a6 9. a4 Nb4 10. Bb3 e6 11. Qh4 Bd7 12. Ng5 h6 13. f5 Nh7 14. Nf3 exf5 15. Qg3 Be6 16. exf5 Bxb3 17. cxb3 Nxd3 18. Be3 Qe8 19. Rae1 Nxe1 20. Rxe1 Qc6 21. Rd1 d5 22. Nxd5 Rfe8 23. fxg6 Qxg6 24. Qf2 Nf6 25. Nxf6+ Qxf6 26. Bxc5 Rad8 27. Rf1 Qxb2 28. Qxb2 Bxb2 29. Kf2 Rd5 30. b4 Re4 31. a5 Bc3 32. Rb1 Kh7 33. Rb3 Rd3 34. Rb1 Kg6 35. h3 Kf5 36. Bf8 h5 37. Bc5 f6 38. Bf8 Bd4+ 39. Nxd4+ Rexd4 40. Bh6 Rc4 41. Rb2 Rd7 42. Be3 Ke4 43. Bc5 Kd3 44. Kf3 Kc3 45. Rb1 Rd3+ 46. Kf2 Kc2 47. Re1 Rd2+ 48. Kf3 Rd3+ 49. Kf2 Rf4+ 50. Kg1 Rd1 51. Rxd1 Kxd1 52. g3 Re4 53. Kf2 Kd2 54. Kf3 Kd3 55. g4 hxg4+ 56. hxg4 Re1 57. Kf2 Re4 58. Kf3 Rc4 59. Be7 Rc6 60. Kf4 Kc4 61. Kf5 Kb5 62. Bc5 Kc4 63. Be7 b6 64. axb6 Rxb6 65. Bxf6 Rxb4 66. g5 Kd5 67. g6 Rb8 68. Be7 Rg8 69. Kf6 Rxg6+ 1/2-1/2